logo

Bir Sreshtho Munshi Abdur Rouf Library
Jhenaidah Cadet College

how to be Successful & Happy / (Record no. 11748)

MARC details
000 -LEADER
fixed length control field 00625nam a2200229 a 4500
001 - CONTROL NUMBER
JCCL Control Number 11748
003 - CONTROL NUMBER IDENTIFIER
JCCL marc code BD-JhCC
005 - DATE AND TIME OF LATEST TRANSACTION
control field 20200827135108.0
008 - FIXED-LENGTH DATA ELEMENTS--GENERAL INFORMATION
fixed length control field 200827b20062012ii a|||| ||a| 000 0 eng d
020 ## - INTERNATIONAL STANDARD BOOK NUMBER
International Standard Book Number 9788129107169
035 ## - SYSTEM CONTROL NUMBER
system control number (BD-JhCC)11748
040 ## - CATALOGING SOURCE
Original cataloging agency BD-JhCC
Modifying agency BD-JhCC
041 ## - LANGUAGE CODE
Language code of Book eng
082 ## - DEWEY DECIMAL CLASSIFICATION NUMBER
Classification number 650.1
Author mark and Year VIM 2012
100 ## - MAIN ENTRY--PERSONAL NAME
Personal name Patil, Vimla
245 ## - TITLE STATEMENT
Title how to be Successful & Happy /
Statement of responsibility, etc Vimla Patil
260 ## - PUBLICATION, DISTRIBUTION, ETC. (IMPRINT)
Place of publication, distribution, etc India:
Name of publisher, distributor, etc Rupa Publications;
Date of publication, distribution, etc 2012.
300 ## - PHYSICAL DESCRIPTION
Pagination 145 P. :
Other physical details ill
Dimensions 20 cm.
651 ## - SUBJECT ADDED ENTRY--GEOGRAPHIC NAME
Geographic name Success in business
General subdivision Vocational guidance
Geographic subdivision Job satisfaction
942 ## - ADDED ENTRY ELEMENTS (KOHA)
Source of classification or shelving scheme Dewey Decimal Classification
Koha item type Books
Holdings
Source of classification or shelving scheme Damaged status Not for loan Home library Current library Shelving location Date of accession Cost, normal purchase price Total Checkouts Full call number Barcode Date last seen Copy number Koha item type
Dewey Decimal Classification     JCC Rouf Library JCC Rouf Library General Stacks 08/27/2020 351.00   650.1 VIM 2012 16034 08/27/2020 C-1 Books

JCC Library | Contacts | JCC Home

Last Update on 23 September 2017
Copyright @ 2017-2020 JCC Rouf Library
Rouf Library, Jhenidah Cadet College (JCC), Bangladesh